| Tag |
First Indicator |
Second Indicator |
Subfields |
| LEADER |
00000cam a22000001a 4500 |
| 001 |
in00003331521 |
| 006 |
m d f |
| 007 |
cr bn mmmapmmp |
| 008 |
101207s2006 dcu o f000 0 eng d |
| 005 |
20260430170928.4 |
| 035 |
|
|
|a cis2007854805
|
| 040 |
|
|
|a ProQuest
|c ProQuest
|d UtOrBLW
|
| 043 |
|
|
|a n-us---
|
| 099 |
|
|
|a CRS-2006-FDT-0814
|
| 110 |
2 |
|
|a Library of Congress.
|b Congressional Research Service.
|
| 245 |
1 |
0 |
|a North Korea's Nuclear Weapons Program :
|b Military Construction.
|
| 264 |
|
1 |
|a [Place of publication not identified] :
|b [publisher not identified],
|c 2006.
|
| 300 |
|
|
|a 1 online resource.
|
| 336 |
|
|
|a text
|b txt
|2 rdacontent
|
| 337 |
|
|
|a computer
|b c
|2 rdamedia
|
| 338 |
|
|
|a online resource
|b cr
|2 rdacarrier
|
| 500 |
|
|
|a Record is based on bibliographic data in ProQuest U.S. Congressional Research Digital Collection (last viewed Dec. 2010). Reuse except for individual research requires license from ProQuest, LLC.
|
| 500 |
|
|
|a CRS Report.
|
| 520 |
|
|
|a Describes North Korea's Dec. 2002 decision to restart its nuclear weapons program and the Bush Administration policy response, including so-called Six-Party Talks. Provides background on and assesses the state of North Korean nuclear weapons development, and examines the diplomatic background, provisions, and costs and benefits of the Agreed Framework between the U.S. and North Korea for the curtailment of the weapons program and the provision of U.S. energy, economic, and other assistance. Outlines North Korean obligations beyond the freeze of its nuclear program and the role of Congress.
|
| 500 |
|
|
|a Electronic resource.
|
| 650 |
|
0 |
|a Executive agreements.
|
| 650 |
|
0 |
|a Economic assistance.
|
| 651 |
|
0 |
|a Korea (North)
|
| 655 |
|
7 |
|a Electronic books.
|2 local
|
| 710 |
2 |
|
|a ProQuest (Firm)
|
| 776 |
0 |
8 |
|i Microfiche version:
|a Library of Congress. Congressional Research Service.
|t North Korea's Nuclear Weapons Program
|
| 830 |
|
0 |
|a U.S. Congressional Research.
|
| 856 |
4 |
0 |
|u http://proxy.library.tamu.edu/login?url=https://congressional.proquest.com/congcomp/getdoc?CRDC-ID=CRS-2006-FDT-0814
|z Connect to the full text of this electronic book
|t 0
|
| 999 |
|
|
|a MARS
|
| 999 |
f |
f |
|s 5fbae7a7-23df-38b8-834e-26c13251b19a
|i 5e771e79-3e70-3035-8fd7-d057410f4f0c
|t 0
|
| 952 |
f |
f |
|a Texas A&M University
|b College Station
|c Electronic Resources
|s www_evans
|d Available Online
|t 0
|e CRS-2006-FDT-0814
|h Other scheme
|
| 998 |
f |
f |
|a CRS-2006-FDT-0814
|t 0
|l Available Online
|